LIBRARY & INFORMATION CENTRE, KCAET, TAVANUR

ONLINE PUBLIC ACCESS CATALOGUE (OPAC)

Lasers in chemical and biological science / (Record no. 10462)

MARC details
000 -LEADER
fixed length control field 00439cam a2200169ua 4500
003 - CONTROL NUMBER IDENTIFIER
control field OSt
008 - FIXED-LENGTH DATA ELEMENTS--GENERAL INFORMATION
fixed length control field 240222b |||||||| |||| 00| 0 eng d
020 ## - INTERNATIONAL STANDARD BOOK NUMBER
ISBN 81-224-0420-2
041 ## - LANGUAGE CODE
Language code of text/sound track or separate title eng
082 ## - DEWEY DECIMAL CLASSIFICATION NUMBER
Classification number 621.36
Item number CHO/LA
100 ## - MAIN ENTRY--AUTHOR NAME
Personal name Chopra, S .
245 ## - TITLE STATEMENT
Title Lasers in chemical and biological science /
260 ## - PUBLICATION, DISTRIBUTION, ETC. (IMPRINT)
Place of publication New Delhi :
Name of publisher Wiley Eastern Ltd ,
Year of publication 1992.
300 ## - PHYSICAL DESCRIPTION
Number of Pages 190 ; .
700 1# - ADDED ENTRY--PERSONAL NAME
Personal name Chawla, H M .
942 ## - ADDED ENTRY ELEMENTS (KOHA)
Koha item type Books
Holdings
Withdrawn status Lost status Damaged status Home library Current library Date acquired Full call number Accession Number Koha item type
      KAUAET KAUAET 07/04/2012 621.36 CHO/LA 19986 Books
free website counter